000 00425nam a2200181Ia 4500
001 23184
005 20260414150920.0
008 260414t2004||||xx |||||||||||||| ||spa||
041 _aESP
082 _a625.725
_bK79 V. 2
100 _aKraemer, Carlos
_eAUT
245 0 _aIngenierĂ­a de carreteras
_b
260 _c2004
300 _a555 páginas :
_c24 cm.
650 _a0
654 _aCIC
942 _cLIB
_dJUS
_fJUS
_2ddc
_n
999 _c23184
_d23184